Desarrollo Rural (4/5) revista del Instituto de Economia Agrícola y Ciencias Sociales, Facultad de Agronomía, Universidad Central de Venezuela

Gespeichert in:
Bibliographische Detailangaben
Weitere Verfasser: Espinoza, Augustín Morales
Format: Buch
Sprache:Spanisch
Veröffentlicht: Venezuela Universidad Central de Venezuela 2002
Schlagworte:
Tags: Tag hinzufügen
Keine Tags, Fügen Sie das erste Tag hinzu!

MARC

LEADER 00000nam$a2200000$$$4500
001 0035001
005 20240104133006.9
022 |a 1317-1577 
041 0 |a spa 
044 |a VE 
245 1 0 |a Desarrollo Rural (4/5)  |b revista del Instituto de Economia Agrícola y Ciencias Sociales, Facultad de Agronomía, Universidad Central de Venezuela  |c editor: Augustín Morales Espinoza 
264 1 |a Venezuela  |b Universidad Central de Venezuela  |c 2002 
300 |a 232 s. 
610 2 0 |a poľnohospodárstvo 
610 2 0 |a vývoj 
610 2 0 |a pôda 
610 2 0 |a modernizácia 
610 2 0 |a stratégia obchodná 
610 2 0 |a technológia 
610 2 0 |a paradigma 
610 2 0 |a roľníci 
610 2 0 |a znečistenie pôdy 
610 2 0 |a náklady 
610 2 0 |a výrobky poľnohospodárske 
610 2 0 |a politika pozemková 
610 2 0 |a priemysel 
610 2 0 |a Venezuela 
610 2 0 |a Latinská Amerika 
700 1 |a Espinoza, Augustín Morales